| 000 | 00600nam a2200205 i 4500 | ||
|---|---|---|---|
| 001 | 74260 | ||
| 003 | ES-MaACL | ||
| 005 | 20230906172052.0 | ||
| 007 | t| | ||
| 008 | 040916s1969 sp ||||1| cat d | ||
| 100 | 1 |
_aGonzález y Pastor, Juan. _959039 |
|
| 245 | 1 | 3 |
_aEl protestantisme a Catalunya / _cJoan González i Pastor. |
| 250 | _a[1ª ed.]. | ||
| 260 |
_aBarcelona, etc. : _bBruguera, _c[1969] |
||
| 300 |
_a107 p. ; _c18 cm. |
||
| 490 | 1 |
_aQuaderns de cultura ; _v51 |
|
| 830 | 0 |
_aQuaderns de cultura ; _v51 _9181826 |
|
| 852 |
_aES-MaACL _jC-37075 _bR.68719 |
||
| 999 |
_c74260 _d74260 |
||